|
|
|
|
| LEADER |
00000nab a2200000 ar4500 |
| 001 |
vtls010611213 |
| 003 |
SK-MaSNL |
| 005 |
20260304171423.0 |
| 008 |
140723c2014 xo mr|p|||n |000 b|slo |
| 015 |
|
|
|a SNBRB2014/07
|
| 038 |
|
|
|a SPK
|
| 040 |
|
|
|a SPKCL
|b slo
|c AACR2
|e AACR2
|
| 041 |
0 |
|
|a slo
|
| 044 |
|
|
|a xo
|c SK
|
| 072 |
|
7 |
|a 159.92
|x Vývinová psychológia. Psychológia osobnosti
|2 konspekt
|
| 072 |
|
7 |
|a 159.93/.94
|x Senzorické a motorické funkcie. Emócie. Vôľa
|2 konspekt
|
| 080 |
|
|
|a 159.923.2:159.942
|2 2001
|
| 080 |
|
|
|a 159.922/.923-053.2
|2 2001
|
| 080 |
|
|
|a 316.356.2
|2 2001
|
| 080 |
|
|
|a 364-54-053.2
|2 2001
|
| 100 |
1 |
|
|a Olšinová, Oľga
|4 aut
|9 780382
|
| 245 |
1 |
0 |
|a Každá Ema potrebuje mamu
|b Dajme deťom šancu
|n 10)
|c Oľga Olšinová
|
| 300 |
|
|
|b Fotogr.
|
| 504 |
|
|
|a Bibliogr. odkazy
|
| 650 |
0 |
7 |
|a teória attachmentu
|2 snkbucl
|9 144051
|
| 650 |
0 |
7 |
|a deprivácia (psychológia)
|2 snkbucl
|9 100375
|
| 650 |
0 |
7 |
|a deti
|2 snkbucl
|9 773
|
| 650 |
0 |
7 |
|a rodina
|2 snkbucl
|9 4138
|
| 650 |
0 |
7 |
|a detské domovy
|2 snkbucl
|9 69524
|
| 650 |
0 |
7 |
|a výskum
|2 snkbucl
|9 4238
|
| 740 |
0 |
2 |
|a Dajme deťom šancu
|
| 773 |
0 |
|
|t Dieťa
|g Roč. XX, č. 7 (2014), s. 46-47
|x 1335-0919
|
| 852 |
|
|
|a SPK
|b KIS3GCP
|
| 856 |
4 |
1 |
|a www.dieta.sk
|
| 958 |
|
|
|a NB
|2 snkbucl
|
| 999 |
|
|
|c 2993413
|d 2995343
|